Formel 1: Alle Fahrer für TYRRELL - Statistiken

Allgemein
  • Dieses Quiz wurde 57 mal gespielt
  • Das Durchschnittsergebnis liegt bei 16 aus 40
Antwortstatistiken
Saison Starts Fahrer % Korrekt
1970 - 1973 39 🏴󠁧󠁢󠁳󠁣󠁴󠁿** Jackie Stewart
83%
1997 17 🇳🇱 Jos Verstappen
73%
1981 - 1983, 1989 46 🇮🇹 Michele Alboreto
73%
1989 - 1990 23 🇫🇷 Jean Alesi
70%
1974 - 1976 45 🇿🇦 Jody Scheckter
70%
1984 - 1986 38 🇬🇧 Martin Brundle
70%
1994 16 🇬🇧 Mark Blundell
67%
1971 - 1973• 37 🇫🇷 Francois Cevert
60%
1995 - 1997 50 🇫🇮 Mika Salo
60%
1972, 1974 - 1978 80 🇫🇷 Patrick Depailler
60%
1984 4 🇸🇪 Stefan Johansson
60%
1973 1 🇳🇿 Chris Amon
57%
1977 17 🇸🇪 Ronnie Peterson
57%
1990 - 1991 31 🇯🇵 Saturo Nakajima
57%
1992 - 1993 32 🇮🇹 Andrea de Cesaris
53%
1978 - 1979 31 🇫🇷 Didier Pironi
53%
1981 14 🇺🇸 Eddie Cheever
50%
1984 - 1985 20 🇩🇪 Stefan Bellof
50%
1979, 1980 17 🇮🇪 Derek Daly
43%
1975 1 🇫🇷 Jean-Pierre Jabouille
43%
1979 - 1980 26 🇫🇷 Jean-Pierre Jarier
40%
1993 - 1996 64 🇯🇵 Ukyo Katayama
40%
1998 16 🇯🇵 Tora Takagi
33%
1989 1 🇬🇧 Johnny Herbert
30%
1971 1 🇺🇸 Peter Revson
30%
1998 11 🇧🇷 Ricardo Rosset
30%
1985 - 1987 33 🇫🇷 Philippe Streiff
27%
1981 2 🇦🇷 Ricardo Zunino
20%
1995 1 🇮🇹 Gabriele Tarquini
17%
1985 2 🇮🇹 Ivan Capelli
17%
1992 16 🇫🇷 Oliver Grouillard
17%
1982 3 🇸🇪 Slim Borgudd
17%
1991 16 🇮🇹 Stefano Modena
17%
1982 13 🇬🇧 Brian Henton
13%
1983 15 🇺🇸 Danny Sullivan
13%
1980 1 🇳🇿 Mike Thackwell
13%
1979 1 🇬🇧 Geoff Lees
10%
1987 - 1989 44 🇬🇧 Jonathan Palmer
10%
1988 6 🇬🇧 Julian Bailey
10%
1975 1 🇫🇷 Michel Leclere
7%
Keine übereinstimmenden Quizze gefunden
Verteilung der Resultate
Anzahl Personen mit jedem Resultat
Perzentil nach korrekt beantworteten Fragen
Ihre Resultats-Entwicklung
Sie haben dieses Quiz noch nicht gespielt